| 000 | 01608cam a22004337a 4500 | ||
|---|---|---|---|
| 003 | CHAP | ||
| 005 | 20220329141906.0 | ||
| 008 | 980422d1997 mx a r 00110 spa d | ||
| 010 | _a75361 | ||
| 011 | _a76333 | ||
| 035 | _a85914 | ||
| 040 | _cCHAP | ||
| 090 | _aTesis | ||
| 100 | 0 | 0 |
_aMoisen Catarino, Fidel. _977300 |
| 245 | 1 | 0 |
_aCaracterización agroclimática del estado de Durango a partir de datos climáticos normales _c/por Fidel Moisen Catarino y Daniel Zamarrón Pérez |
| 260 |
_aChapingo, Méx. : _bEl autor, _c1997. |
||
| 300 |
_a76 h. : _bilus. ; gráfs. ; mapas ; anexos |
||
| 502 | _aTesis (Ing. Agr. Esp. en Irrigación) -- UACH. Departamento de Irrigación | ||
| 590 |
_aALEPH _b10 _c20130110 _lUCH01 _h1424 |
||
| 590 |
_aBATCH-UPD _b10 _c20130110 _lUCH01 _h0414 |
||
| 590 |
_aBATCH-UPD _b10 _c20130110 _lUCH01 _h2037 |
||
| 590 |
_aBATCH-UPD _b10 _c20130410 _lUCH01 _h0049 |
||
| 590 |
_aBATCH-UPD _b10 _c20130914 _lUCH01 _h0525 |
||
| 590 |
_aCONVERSION _b10 _c20130109 _lUCH01 _h1341 |
||
| 650 | 1 | 4 |
_aArboles frutales _xEfecto del clima. _96671 |
| 650 | 1 | 4 |
_aBalance hídrico. _99602 |
| 650 | 1 | 4 |
_aClima _xDurango. _923824 |
| 650 | 1 | 4 |
_aCultivos y clima. _930392 |
| 650 | 1 | 4 |
_aFrijol _xEfecto del clima. _943364 |
| 650 | 1 | 4 |
_aGirasol _xEfecto del clima. _948139 |
| 650 | 1 | 4 |
_aMaíz _xEfecto del clima. _970934 |
| 650 | 1 | 4 |
_aMeteorología agrícola. _975217 |
| 700 | 0 |
_aZamarrón Pérez, Daniel. _9123475 |
|
| 901 | _aBK | ||
| 905 | _aGuadalupe Pinto C. | ||
| 942 | _cFOLL | ||
| 949 |
_bBC _cTES _d33724000587762 _eTS2 _fc.2 _h32456 _i85914 _si |
||
| 949 |
_bBC _cTES _d859141 _eTS1 _h32455 _i85914 _sb |
||
| 999 |
_c75361 _d75361 |
||